Spanish literature in mexican languages as a source for study of spanish pronunciation

Uloženo v:
Podrobná bibliografie
Hlavní autor: Canfield, Delos Lincoln
Médium: Kniha
Jazyk:Undetermined
Vydáno: New York, Estados Unidos Instituto de las Españas 1934
Témata:
Tagy: Přidat tag
Žádné tagy, Buďte první, kdo vytvoří štítek k tomuto záznamu!

MARC

LEADER 00000nam a2200000Ia 4500
008 170316s9999 xx 000 0 und d
090 |a 410 C-1s 
100 |a Canfield, Delos Lincoln 
245 |a Spanish literature in mexican languages as a source for study of spanish pronunciation 
260 |a New York, Estados Unidos 
260 |b Instituto de las Españas 
260 |c 1934 
300 |a 257 páginas 
650 |a LINGÜÍSTICA 
999 |c 18280  |d 18280 
040 |a cru BVZT 
942 |c 15 D  |h 410 C-1s  |2 z